Задачи сбалансированного управления региональным коммунальным комплексом; Вестник ИНЖЭКОНа. Серия: Экономика; Т. 38, № 3
| Parent link: | Вестник ИНЖЭКОНа. Серия: Экономика.— , 2003- Т. 38, № 3.— 2010.— [С. 109-114] |
|---|---|
| Автор: | |
| Інші автори: | , |
| Резюме: | Заглавие с экрана В статье рассматривается подход к определению сбалансированности развития коммунального комплекса региона. Авторы приводят результаты оценки различных видов сбалансированности для ряда российских регионов и выявляют их взаимосвязи между собой In this article the balanced approach for regional municipal economy management is considered. Authors describe balanced estimations for regional municipal economy. Also the article describes correlations of development lines for municipal economy Режим доступа: по договору с организацией-держателем ресурса |
| Мова: | Російська |
| Опубліковано: |
2010
|
| Предмети: | |
| Онлайн доступ: | http://elibrary.ru/item.asp?id=14870873 |
| Формат: | Електронний ресурс Частина з книги |
| KOHA link: | https://koha.lib.tpu.ru/cgi-bin/koha/opac-detail.pl?biblionumber=636785 |
MARC
| LEADER | 00000nla0a2200000 4500 | ||
|---|---|---|---|
| 001 | 636785 | ||
| 005 | 20250404094416.0 | ||
| 035 | |a (RuTPU)RU\TPU\network\841 | ||
| 090 | |a 636785 | ||
| 100 | |a 20140324d2010 k||y0rusy50 ca | ||
| 101 | 0 | |a rus | |
| 102 | |a RU | ||
| 135 | |a drnn ---uucaa | ||
| 181 | 0 | |a i | |
| 182 | 0 | |a b | |
| 200 | 1 | |a Задачи сбалансированного управления региональным коммунальным комплексом |f А. А. Лукьянец, В. Г. Ротарь, А. Г. Чернов | |
| 203 | |a Текст |c электронный | ||
| 300 | |a Заглавие с экрана | ||
| 320 | |a [Библиогр.: с. 114 (7 назв.)] | ||
| 330 | |a В статье рассматривается подход к определению сбалансированности развития коммунального комплекса региона. Авторы приводят результаты оценки различных видов сбалансированности для ряда российских регионов и выявляют их взаимосвязи между собой | ||
| 330 | |a In this article the balanced approach for regional municipal economy management is considered. Authors describe balanced estimations for regional municipal economy. Also the article describes correlations of development lines for municipal economy | ||
| 333 | |a Режим доступа: по договору с организацией-держателем ресурса | ||
| 461 | |t Вестник ИНЖЭКОНа. Серия: Экономика |d 2003- | ||
| 463 | |t Т. 38, № 3 |v [С. 109-114] |d 2010 | ||
| 610 | 1 | |a электронный ресурс | |
| 610 | 1 | |a труды учёных ТПУ | |
| 610 | 1 | |a сбалансированные показатели | |
| 610 | 1 | |a цены | |
| 610 | 1 | |a технологии | |
| 610 | 1 | |a бюджет | |
| 610 | 1 | |a инвестиции | |
| 610 | 1 | |a социальная поддержка | |
| 700 | 1 | |a Лукьянец |b А. А. | |
| 701 | 1 | |a Ротарь |b В. Г. |c специалист в области автоматического управления |c доцент Томского политехнического университета, кандидат технических наук |f 1948- |g Виктор Григорьевич |3 (RuTPU)RU\TPU\pers\28047 | |
| 701 | 1 | |a Чернов |b А. Г. | |
| 801 | 2 | |a RU |b 63413507 |c 20140324 |g RCR | |
| 856 | 4 | |u http://elibrary.ru/item.asp?id=14870873 | |
| 942 | |c CF | ||